Persidangan Pegawai-pegawai Daerah (1973 Mac 26-30:INTAN, Jalan Elmu, Petaling Jaya) Percubaan untuk membasmi kemiskinan di peringkat daerah - peranan Pegawai Daerah/Y.M Raja Azman Raja Ismail, 1973

Bibliographic Details
Format: Book

MARC

LEADER 00000cam a2200000 7i4500
001 0000006348
005 20000204.0
040 |a INS 
090 0 0 |a S5 
245 0 0 |a Persidangan Pegawai-pegawai Daerah (1973 Mac 26-30:INTAN, Jalan Elmu, Petaling Jaya) Percubaan untuk membasmi kemiskinan di peringkat daerah - peranan Pegawai Daerah/Y.M Raja Azman Raja Ismail, 1973 
999 |a S000000016   |b BOOK   |c Seminar   |e Default branch